[Event "Uljanovsk Povolje op"]
[Site "Uljanovsk"]
[Date "2015.09.20"]
[Round "5"]
[White "Samborskiy, Vadim"]
[Black "Frolova, Marina"]
[Result "1-0"]
[WhiteElo "2074"]
[BlackElo "1622"]
[PlyCount "75"]
[EventDate "2015.09.12"]
[EventType "swiss"]
[EventRounds "9"]
[EventCountry "RUS"]
[SourceTitle "EXT 2016"]
[Source "ChessBase"]
[SourceDate "2015.10.08"]
[SourceVersion "1"]
[SourceVersionDate "2015.10.08"]
[SourceQuality "1"]

1. d4 d5 2. Nf3 Nf6 3. c4 e6 4. Nc3 Be7 5. Bg5 0-0 6. e3 Nbd7 7. Bd3 h6 8. Bh4 Re8 9. 0-0 c6 10. Rc1 a6 11. a3 Nh5 12. Bxe7 Qxe7 13. Ne5 Nxe5 14. dxe5 g6 15. c5 Ng7 16. b4 Rd8 17. Ne2 Nf5 18. Nd4 h5 19. g3 Kg7 20. a4 h4 21. g4 h3 22. Kh1 Nh4 23. f4 Ng2 24. Rf3 Qh4 25. Rg3 Rh8 26. Bf1 Nxe3 27. Rxe3 Qf2 28. Rf3 Qb2 29. Rb1 Qa2 30. Qc2 Qxc2 31. Nxc2 Rh4 32. Rg3 Bd7 33. Bxh3 Rah8 34. Kg2 f6 35. exf6+ Kxf6 36. Nd4 g5 37. fxg5+ Kxg5 38. Nf3+ 1-0

[Event "Uljanovsk Volga op"]
[Site "Uljanovsk"]
[Date "2014.01.06"]
[Round "7"]
[White "Makarenko, Vladimir"]
[Black "Samborskiy, Vadim"]
[Result "0-1"]
[WhiteElo "1905"]
[BlackElo "2049"]
[PlyCount "90"]
[EventDate "2014.01.03"]
[EventType "swiss"]
[EventRounds "9"]
[EventCountry "RUS"]
[SourceTitle "CBM 158 Extra"]
[Source "ChessBase"]
[SourceDate "2014.02.28"]
[SourceVersion "1"]
[SourceVersionDate "2014.02.28"]
[SourceQuality "1"]

1. e4 e5 2. d4 exd4 3. Qxd4 Nc6 4. Qe3 Nf6 5. Nc3 Bb4 6. Bd2 0-0 7. 0-0-0 Re8 8. Bc4 d6 9. f3 Na5 10. Be2 Be6 11. Nh3 Nc4 12. Bxc4 Bxc4 13. Qg5 c6 14. a3 Re5 15. Qg3 Ba5 16. f4 Nxe4 17. Nxe4 Rxe4 18. Bxa5 Qxa5 19. Rxd6 Bd5 20. Ng5 Re2 21. Rd1 Rxc2+ 22. Kb1 Rd2 23. Rc1 Qb5 24. Qc3 Ba2+ 25. Kxa2 Rxd6 26. Re1 h6 27. Nf3 Rad8 28. Ne5 Qd5+ 29. Qb3 Qxb3+ 30. Kxb3 Re6 31. f5 Ree8 32. Kc3 Rd5 33. Nf3 Rxe1 34. Nxe1 Rxf5 35. Kd3 Rf2 36. b3 Rb2 37. Kc3 Re2 38. Nd3 Rxg2 39. Nc5 b6 40. Ne4 Rxh2 41. Nd6 Kf8 42. Nc8 Ke8 43. Nxa7 Kd7 44. b4 Rh3+ 45. Kb2 b5 0-1

[Event "Uljanovsk Volga op"]
[Site "Uljanovsk"]
[Date "2014.01.05"]
[Round "5"]
[White "Mirzaev, Aziz"]
[Black "Samborskiy, Vadim"]
[Result "1-0"]
[WhiteElo "2271"]
[BlackElo "2049"]
[PlyCount "51"]
[EventDate "2014.01.03"]
[EventType "swiss"]
[EventRounds "9"]
[EventCountry "RUS"]
[SourceTitle "CBM 158 Extra"]
[Source "ChessBase"]
[SourceDate "2014.02.28"]
[SourceVersion "1"]
[SourceVersionDate "2014.02.28"]
[SourceQuality "1"]

1. Nf3 c5 2. e4 Nc6 3. Bb5 a6 4. Bxc6 bxc6 5. 0-0 d6 6. h3 g6 7. d4 cxd4 8. Qxd4 f6 9. Qc4 Bd7 10. Nc3 Bh6 11. Nd4 Bxc1 12. Raxc1 Qc8 13. f4 Nh6 14. e5 d5 15. Qc5 Nf5 16. exf6 0-0 17. fxe7 Re8 18. Rce1 Rb8 19. b3 Kf7 20. Re5 Nxd4 21. Qxd4 Bf5 22. g4 Bxc2 23. f5 gxf5 24. Re2 Rg8 25. Rxc2 Kxe7 26. Nxd5+ 1-0

[Event "Uljanovsk Povolje op"]
[Site "Uljanovsk"]
[Date "2013.08.26"]
[Round "4"]
[White "Samborskiy, Vadim"]
[Black "Mikeev, Valery"]
[Result "1-0"]
[WhiteElo "2063"]
[BlackElo "1788"]
[PlyCount "75"]
[EventDate "2013.08.24"]
[EventType "swiss"]
[EventRounds "9"]
[EventCountry "RUS"]
[SourceTitle "CBM 156 Extra"]
[Source "ChessBase"]
[SourceDate "2013.10.22"]
[SourceVersion "1"]
[SourceVersionDate "2013.10.22"]
[SourceQuality "1"]

1. e4 e5 2. Nf3 Nc6 3. Bc4 Be7 4. 0-0 Nf6 5. Re1 d6 6. h3 0-0 7. c3 Be6 8. Bxe6 fxe6 9. Qb3 Qc8 10. d4 exd4 11. cxd4 Re8 12. Nc3 Kh8 13. e5 dxe5 14. dxe5 Ng8 15. Ne4 h6 16. a3 Na5 17. Qc2 Qd7 18. b4 Qc6 19. Qb1 Nc4 20. Bg5 Bf8 21. Bh4 Qd7 22. Qb3 Nb6 23. Rad1 Nd5 24. Nd4 c6 25. b5 Rac8 26. bxc6 bxc6 27. Qa4 Rc7 28. Bg3 c5 29. Qxd7 Rxd7 30. Nb5 Rb8 31. Nbd6 Bxd6 32. exd6 Rc8 33. Nd2 Nc3 34. Rc1 Nb5 35. Nc4 Nd4 36. Ne5 Rb7 37. d7 Rd8 38. Nf7+ 1-0

[Event "Uljanovsk Povolje op"]
[Site "Uljanovsk"]
[Date "2013.08.25"]
[Round "3"]
[White "Samborskiy, Vadim"]
[Black "Olisov, Andrey"]
[Result "1/2-1/2"]
[WhiteElo "2063"]
[BlackElo "2144"]
[PlyCount "66"]
[EventDate "2013.08.24"]
[EventType "swiss"]
[EventRounds "9"]
[EventCountry "RUS"]
[SourceTitle "CBM 156 Extra"]
[Source "ChessBase"]
[SourceDate "2013.10.22"]
[SourceVersion "1"]
[SourceVersionDate "2013.10.22"]
[SourceQuality "1"]

1. e4 e6 2. d4 d5 3. Nd2 c5 4. Ngf3 cxd4 5. Nxd4 Nc6 6. Bb5 Bd7 7. N4b3 a6 8. Be2 Nf6 9. exd5 Nxd5 10. Ne4 Qc7 11. 0-0 Be7 12. c3 0-0 13. Bd3 Nf6 14. Nxf6+ Bxf6 15. Nc5 Ne5 16. Ne4 Nxd3 17. Nxf6+ gxf6 18. Qxd3 Bc6 19. Bh6 Rfd8 20. Qg3+ Qxg3 21. hxg3 Rd3 22. Rfd1 Rad8 23. Rxd3 Rxd3 24. f3 f5 25. Kf2 e5 26. Be3 Kg7 27. Ke2 e4 28. a4 Kg6 29. a5 Bb5 30. Kf2 h5 31. Rc1 Bc4 32. Rc2 Rd1 33. Rc1 Rd3 1/2-1/2

[Event "Uljanovsk Povolje op"]
[Site "Uljanovsk"]
[Date "2013.08.24"]
[Round "1"]
[White "Peruhin, Anatoliy"]
[Black "Samborskiy, Vadim"]
[Result "0-1"]
[WhiteElo "1603"]
[BlackElo "2063"]
[PlyCount "106"]
[EventDate "2013.08.24"]
[EventType "swiss"]
[EventRounds "9"]
[EventCountry "RUS"]
[SourceTitle "CBM 156 Extra"]
[Source "ChessBase"]
[SourceDate "2013.10.22"]
[SourceVersion "1"]
[SourceVersionDate "2013.10.22"]
[SourceQuality "1"]

1. d4 d5 2. g3 Nf6 3. Bg2 e6 4. Nf3 c5 5. 0-0 Nc6 6. e3 Be7 7. b3 b5 8. Bb2 c4 9. Ne5 Bb7 10. Nd2 0-0 11. Nxc6 Bxc6 12. bxc4 bxc4 13. Nxc4 Bb5 14. Nd2 Bxf1 15. Bxf1 Rb8 16. Nb3 Qb6 17. Bd3 Rfc8 18. Kg2 a5 19. a4 Bb4 20. f3 Ne8 21. Ba3 Nd6 22. Nc5 Bxa3 23. Rxa3 Qb2 24. Ra1 Rb4 25. Na6 Nc4 26. Kf2 Rb6 27. Nc5 Qc3 28. Qe1 Qxe1+ 29. Rxe1 Rb4 30. Ra1 g6 31. f4 Kg7 32. g4 Rc6 33. Ke2 Rcb6 34. Nb3 h6 35. h3 g5 36. f5 Kf6 37. Nc5 Ke7 38. fxe6 fxe6 39. Rf1 Rb1 40. Rf3 Rh1 41. Bg6 Rh2+ 42. Kd3 Nd6 43. Nb3 Rc6 44. c3 Ra6 45. e4 Rb6 46. Nxa5 Rbb2 47. Rg3 Rbd2+ 48. Ke3 Rhe2+ 49. Kf3 dxe4+ 50. Bxe4 Nxe4 51. Nc4 Nxg3 52. Nxd2 Rxd2 53. Kxg3 Rd3+ 0-1